01494 2200289 4500001002100000005001500021035002000036008004100056020001500097041000800112082001000120084001600130100002100146245010000167260003600267300003900303500002600342520064500368650002001013650001501033990002601048990002601074990002601100990002601126990002601152990002601178INLIS00000000000321420221026043626 a0010-0520003214221026 | | eng  a0470821191 aeng a332.7 a332.7 CHO s0 aChoudhry, Moorad1 aStructured Credit Products : Credit Derivatives and Synthetic Securitisation /cMoorad Choudhry aClementi Loop :bThomson,c2004 axiii, 430 p. :b: illus. ;c24 cm. aIndeks : p. 415 - 430 aThis book has been written with both market practitioners and postgraduate students in mind. It aims to provide a comprehensive description and analysis of credit derivatives instruments, and the structured finance products that use credit derivatives in their construction. The credit derivatives market has grown spectacularly, in a relatively short time, to become a key component of the capital markets and one that embraces a wide range of participants. This book offers a succint and focused description of the main credit derivative instruments, as well as the more complex products such as synthetic collateralised debt obligations. 4aCredit Products 4aIndustries a11539/MKRI-P/XII-2008 a11540/MKRI-P/XII-2008 a11540/MKRI-P/XII-2008 a11539/MKRI-P/XII-2008 a11539/MKRI-P/XII-2008 a11540/MKRI-P/XII-2008